Europa League Teilnehmer 2022/2023 - Statistiken

Allgemein
  • Dieses Quiz wurde 251 mal gespielt
  • Das Durchschnittsergebnis liegt bei 9 aus 32
Antwortstatistiken
Gruppe Team % Korrekt
D 1. FC Union Berlin
79%
G SC Freiburg
71%
E Manchester United
59%
A Arsenal London
55%
C Betis Sevilla
50%
C AS Rom
47%
A PSV Eindhoven
38%
F Feyenoord Rotterdam
36%
G FC Nantes
33%
G Olympiakos Piräus
33%
D Sporting Braga
33%
H AS Monaco
30%
F Lazio Rom
30%
B Fenerbahçe Istanbul
28%
E Real Sociedad
28%
D Malmö FF
26%
F SK Sturm Graz
26%
A FC Zürich
25%
H FK Roter Stern Belgrad
24%
B Dynamo Kiew
23%
D Royale Union Saint-Gilloise
23%
B Stade Rennes
23%
H Ferencváros Budapest
17%
E Sheriff Tiraspol
17%
H Trabzonspor
17%
A FK Bodø/Glimt
16%
G Qarabağ Ağdam
12%
E Omonia Nikosia
11%
F FC Midtjylland
10%
C HJK Helsinki
9%
B AEK Larnaka
8%
C Ludogorez Rasgrad
7%
Keine übereinstimmenden Quizze gefunden
Verteilung der Resultate
Anzahl Personen mit jedem Resultat
Perzentil nach korrekt beantworteten Fragen
Ihre Resultats-Entwicklung
Sie haben dieses Quiz noch nicht gespielt